000 00453nam a2200181Ia 4500
001 17576
005 20260306171527.0
008 260306s9999||||xx |||||||||||||| ||und||
041 _aESP
082 _a658.049
_bD23
100 _aDaniels, John D.
_eAUT
245 0 _aInternational business:
_benvironments and operations
260 _c2004
300 _axxxi 701 páginas :
_c28 cm.
650 _aGEN
654 _aCAN
942 _cLIB
_dJUS
_fJUS
_2ddc
_n
999 _c17576
_d17576